| 000 | 00729nam a22002177a 4500 | ||
|---|---|---|---|
| 999 |
_c10273 _d10273 |
||
| 003 | AR-CdUCM | ||
| 008 | 190329b ||||| |||| 00| 0 spa d | ||
| 040 |
_aMUNICIPALIDAD PROVINCIAL DEL CUSCO _cBIBLIOTECA MUNICIPAL DEL CUSCO |
||
| 082 |
_aES / 800 / _bS61 |
||
| 100 |
_aSmith, C. E. _927038 |
||
| 245 | _aHistorias de Wagner / | ||
| 260 |
_aEspaña : _bAraluce, _c1962. |
||
| 300 |
_a132 páginas ; _c15 cm. |
||
| 440 |
_aColección araluce. _927026 |
||
| 505 | _aContenido :Lohengrin -- Los maestros cantores de Nuremberg -- El buque fantasma . | ||
| 650 |
_aLiteratura española _9362 |
||
| 650 |
_aLiteratura del sigo xx _927039 |
||
| 700 |
_aMyrbach, F. de (ilustrador) _927040 |
||
| 942 |
_2ddc _cLIBROS |
||
| 945 | _arum | ||